LEADER 01033nam a2200241 i 4500 001 000000156773 003 CaOOAMICUS 005 20200228123636.0 008 061213s1965 it u000 u ita u 013 $a134128 040 $aSeMil$bita 100 1 $aLeclercq, Jacques,$d<1891-1971>.$0(OLS)http://semarc/name/666 240 13$aLe prêtre et les époux.$0(OLS)http://semarc/title/229832 245 13$aIl sacerdote e gli sposi :$bconversazioni sul tema "La guida spirituale dei coniugi" /$cGiacomo Leclercq. 260 $aRoma :$bSales,$c1965. 300 $a87 p. ;$c21 cm. 830 0$aFamiglia e pastorale ;$v5.$0(OLS)http://semarc/title/419755 850 $aSeMil 852 $aSeMil$W1$xVenegono$y1$m2E II 409$j108522$B108522$CSeMilBibl$Z2$F118965 $81 961 $aOmaggio: Martinelli don Romano 996 $6245$aIl sacerdote e gli sposi :$bconversazioni sul tema "La guida spirituale dei coniugi"$9(OLS)http://semarc/title/229831 996 $6260$aRoma :$bSales$9(OLS)http://semarc/publisher/31677 LEADER 00999nam a2200229 i 4500 001 000000208793 003 CaOOAMICUS 005 20111128000000.0 008 111128s1903 it u000 u ita u 013 $a187581 040 $aSeMil$bita 100 1 $aLuzio, Alessandro.$0(OLS)http://semarc/name/5785 245 13$aIl processo Pellico-Maroncelli secondo gli atti officiali segreti /$cPer Alessandro Luzio. 260 $aMilano :$bL. F. Cogliati,$c1903. 300 $a569 p., [4] c. di tav. :$britr., facs. ;$c25 cm. 500 $aContiene : Appendici. 650 04$aPellico, Silvio <1789-1854>.$0(OLS)http://semarc/subject/4157 650 4$aMaroncelli, Pietro.$0(OLS)http://semarc/subject/39229 850 $aSeMil 852 $aSeMil$W1$xVenegono$y1$m3T IV 50$j159247$B159247$CSeMilBibl$Z2$F170308 $81 996 $6245$aIl processo Pellico-Maroncelli secondo gli atti officiali segreti$9(OLS)http://semarc/title/301858 996 $6260$aMilano :$bL. F. Cogliati$9(OLS)http://semarc/publisher/29949